| 000 | 00519nam a2200169 4500 | ||
|---|---|---|---|
| 001 | 117518 | ||
| 003 | ES-MaACL | ||
| 005 | 20230906190924.0 | ||
| 007 | t| | ||
| 008 | 070214s1979 sp r ||||1| spa d | ||
| 100 | 1 |
_aPanofsky, Erwin. _988811 |
|
| 245 | 1 | 3 |
_aEl significado en las artes visuales / _cErwin Panofsky ; versión de Nicanor Ancochea. |
| 260 |
_aMadrid : _bAlianza, _c1979. |
||
| 300 |
_a386 p., 23 lám. : _bil. ; _c23 cm. |
||
| 700 | 1 |
_aAncochea, Nicanor. _921411 |
|
| 852 |
_aES-MaACL _jL-771 _bR.101164 |
||
| 999 |
_c117518 _d117518 |
||